000 01701nam a2200433 i 4500
001 ELB57216
003 FlNmELB
006 m o d |
007 cr cnu||||||||
008 160206s2015 sp ob 001 0 spa d
020 _z9788490421925
020 _a9788490421970 (e-book)
035 _a(MiAaPQ)EBC4184356
035 _a(Au-PeEL)EBL4184356
035 _a(CaPaEBR)ebr11126617
035 _a(OCoLC)949163345
040 _aFINmELB
_bspa
_erda
_cFINmELB
050 4 _aHC427
_bC271 2015
080 _a330
082 0 _a330.951
_223
100 1 _aCareaga Guzmán, Christian.
245 1 0 _aChina ante los retos y anhelos mundiales /
_cChristian Careaga Guzmán.
264 1 _aLas Palmas de Gran Canaria :
_bUniversidad de Las Palmas de Gran Canaria. Servicio de Publicaciones y Difusión Científica,
_c[2015]
300 _a1 recurso en línea (536 páginas)
336 _atexto
_btxt
_2rdacontent/spa
337 _acomputadora
_bc
_2rdamedia/spa
338 _arecurso en línea
_bcr
_2rdacarrier/spa
500 _aContiene índice.
504 _aContiene bibliografía.
588 _aDescripción basada en recurso en línea; Título de la página del título en PDF (e-libro, visto February 06, 2016).
590 _aRecurso electronico. Santa Fe, Arg. : e-libro, 2016. Disponible via World Wide Web. El acceso puede ser limitado para las bibliotecas afiliadas a e-libro.
651 0 _aChina
_xEconomic conditions.
651 4 _aChina
_xCondiciones económicas.
651 0 _aChina
_xEconomic policy.
651 4 _aChina
_xPolítica económica.
655 4 _aLibros electrónicos.
797 2 _ae-libro, Corp.
856 4 0 _uhttps://elibro.net/ereader/usam/57216
999 _c145806
_d145806